Countries with the Most Forest Area - Statistics

General Stats
  • This quiz has been taken 41 times
  • The average score is 24 of 30
Answer Stats
Hectares Country % Correct
496,620 Brazil
100%
346,928 Canada
100%
815,312 Russia
100%
92,133 Indonesia
97%
309,795 United States
97%
28,573 Argentina
94%
219,978 China
94%
72,160 India
94%
134,005 Australia
92%
59,142 Colombia
92%
65,692 Mexico
92%
46,231 Venezuela
92%
24,935 Japan
89%
126,155 Democratic Republic of the Congo
86%
72,330 Peru
86%
50,834 Bolivia
81%
21,946 Republic of the Congo
78%
66,607 Angola
72%
22,409 Finland
72%
27,980 Sweden
72%
45,745 Tanzania
72%
21,627 Nigeria
69%
35,856 Papua New Guinea
69%
28,544 Myanmar
64%
44,814 Zambia
58%
20,340 Cameroon
56%
22,303 Central African Republic
56%
36,744 Mozambique
56%
23,531 Gabon
50%
22,220 Turkey
47%
No matching quizzes found
Score Distribution
Percent of People with Each Score
Percentile by Number Answered
Your Score History
You have not taken this quiz